Internet of things - monitoring businesses and consumers

Bibliográfiai részletek
Szerző: Vinnai Dalma
További közreműködők: Tick Dr. Andrea
Dokumentumtípus: Diplomadolgozat
Kulcsszavak:Internet
Fogyasztási szokások
Fogyasztói magatartás
Digitális kultúra
Online Access:http://dolgozattar.uni-bge.hu/4666

MARC

LEADER 00000nta a2200000 i 4500
001 dolg4666
005 20160929110539.0
008 151214suuuu hu om 000 eng d
040 |a BGE Dolgozattár Repozitórium  |b hun 
041 |a en 
100 1 |a Vinnai Dalma 
245 1 0 |a Internet of things - monitoring businesses and consumers  |c Vinnai Dalma  |h [elektronikus dokumentum] 
246 1 1 |a A "dolgok internete" - üzleti és felhasználói szempontból 
246 1 1 |a Internet of things - monitoring businesses and consumers 
695 |a Internet 
695 |a Fogyasztási szokások 
695 |a Fogyasztói magatartás  
695 |a Digitális kultúra 
700 1 |a Tick Dr. Andrea  |e ths 
856 4 0 |u http://dolgozattar.uni-bge.hu/4666/1/Internet%20of%20Things_Dalma%20Vinnai.pdf  |z Dokumentum-elérés